00217nam a2200085Ia 450000100070000000500170000700800410002424500410006526000250010667998020250826161333.0250824s9999 xx 000 0 und d 0aDEMİRYOLU ÇOCUKLARIcJACK LONDON bKARATAY GENÇLİK